000 00691nam a22001937a 4500
003 NUST
005 20260303094203.0
020 _a9781260597851
082 _a621.3815.JAE
100 _aJaeger, Richard C.
_955586
245 _aMicroelectronic Circuit Design /
_cRichard C. Jaeger, Travis N. Blalock, Benjamin J. Blalock
250 _a6th edition
260 _aNew York,
_bMcGraw Hill,
_c2023
300 _axxv, 1140 p
505 _aPart One. Solid State Electronics and Devices (Page-1), Part Two. Analog Electronics (Page-311), Part Three. Operational Amplifiers and Feedback (Page-647).
650 _aMicroelectronic
_9133550
651 _aCircuit Design
_9133551
942 _2ddc
_cREF
999 _c616481
_d616481